000
00327nam a22001457a 4500
008
210426b ||||| |||| 00| 0 eng d
020
_a
9780070963351
041
_a
eng
080
_2
2nd
_a
331.101.262
082
_a
331.101.262
100
_a
52
101
_a
BNJ
245
_a
Compensation
_c
Milkovich,G.T
942
_2
udc
_c
BK
999
_c
56703
_d
56703